00623nam a2200229Ia 4500008004100000020002100041050001700062050001400079100002500093245002500118245006900143245002500212260001400237260002500251260000900276300001600285300002000301300001100321500002000332650002500352650001600377180523s9999 xx 000 0 und d a978-15-9918061-8 aMAIN HF 5386 b.E33 2007 aEichenbaum, David A. 4aThe Business rules : 4bthe seven irrefutable laws that determine all business success / 0cDavid A. Eichenbaum. a[s. l.] : bEntrepreneur Press,  c2007 a256 pages : billustrations ; c23 cm. aIncludes index. aSuccess in business. xManagement.